000 00610nam a2200229Ia 4500
001 1336
003 GE_BSU
008 181216s||||||||xx |||||||||||||| ||und||
020 _a9785976500525
040 _cGE_BSU
080 _a821.161.1(075.8)
100 _aЧерняк,М.А.
245 _aМассовая литература XX века
245 _bуч-е пособие для студ. вуза
260 _aМосква
260 _bФлинта
260 _c2007
300 _a430стр.
541 _h15л.
653 _aМассовая литература XX века
942 _cBK
999 _c35477
_d35477